| 000 | 01213cam a2200337 i 4500 | ||
|---|---|---|---|
| 001 | 5929 | ||
| 003 | FISKH | ||
| 005 | 20250207155257.0 | ||
| 008 | 741101s1974 ilua c 001 1 eng | ||
| 010 | _a 74075541 | ||
| 020 | _a9780781432689 | ||
| 040 |
_aDLC _cDLC _dDLC _beng |
||
| 042 | _alcac | ||
| 050 | _a PZ7.R3942 I | ||
| 082 | _a813 | ||
| 100 | 1 |
_aRichardson, Arleta _d(1923–2004) |
|
| 245 | 1 | 0 |
_aIn grandma's attic / _cArleta Richardson ; illustrated by Dora Leder. |
| 250 | _aThis edition first published in 1999 | ||
| 260 |
_aEastbourne : _bChariot Victor Published ; _c1974. |
||
| 300 |
_a138 pages : _billustrations ; _c18 cm. |
||
| 505 | _aG | ||
| 520 | _aA collection of stories of life in the late nineteenth century, many reflecting the Christian faith of the author's family, including tales of pride in a new dress, a special apron for grandpa, and a little girl lost while asleep in her own bed. | ||
| 521 | 8 |
_a420
_bLexile |
|
| 521 | 8 |
_aG
_bRaz_Plus |
|
| 650 | 1 |
_aCountry life _vFiction. |
|
| 650 | 1 |
_aChristian life _vFiction. |
|
| 700 | 1 |
_aLeder, Dora, _eillustrator |
|
| 906 |
_a7 _bcbc _corignew _d2 _eopcn _f19 _gy-gencatlg |
||
| 942 |
_2ddc _cBK _n0 |
||
| 999 |
_c5929 _d5929 |
||